<?xml version="1.0" encoding="UTF-8"?>
<record
    xmlns:xsi="http://www.w3.org/2001/XMLSchema-instance"
    xsi:schemaLocation="http://www.loc.gov/MARC21/slim http://www.loc.gov/standards/marcxml/schema/MARC21slim.xsd"
    xmlns="http://www.loc.gov/MARC21/slim">

  <leader>00360nam a2200145Ia 4500</leader>
  <controlfield tag="008">191201s2009    xx            000 0 und d</controlfield>
  <datafield tag="082" ind1=" " ind2=" ">
    <subfield code="a">004.65</subfield>
    <subfield code="b">RAN</subfield>
  </datafield>
  <datafield tag="100" ind1=" " ind2=" ">
    <subfield code="a">RAJASEKARAN,S</subfield>
  </datafield>
  <datafield tag="245" ind1=" " ind2="0">
    <subfield code="a">Neural Networks Fuzzy Logic and Genetic Algorithms</subfield>
  </datafield>
  <datafield tag="250" ind1=" " ind2=" ">
    <subfield code="a">12th</subfield>
  </datafield>
  <datafield tag="260" ind1=" " ind2=" ">
    <subfield code="a">N. Delhi</subfield>
    <subfield code="b">PHI</subfield>
    <subfield code="c">2009</subfield>
  </datafield>
  <datafield tag="300" ind1=" " ind2=" ">
    <subfield code="a">439</subfield>
  </datafield>
  <datafield tag="650" ind1=" " ind2=" ">
    <subfield code="a">B.Tech(CSE)</subfield>
  </datafield>
  <datafield tag="942" ind1=" " ind2=" ">
    <subfield code="2">ddc</subfield>
    <subfield code="c">BK</subfield>
  </datafield>
  <datafield tag="999" ind1=" " ind2=" ">
    <subfield code="c">4409</subfield>
    <subfield code="d">4409</subfield>
  </datafield>
  <datafield tag="952" ind1=" " ind2=" ">
    <subfield code="0">0</subfield>
    <subfield code="1">0</subfield>
    <subfield code="2">ddc</subfield>
    <subfield code="4">0</subfield>
    <subfield code="7">0</subfield>
    <subfield code="8">BTECHCSE</subfield>
    <subfield code="a">PIET</subfield>
    <subfield code="b">PIET</subfield>
    <subfield code="d">2010-02-17</subfield>
    <subfield code="e">J B C, New Delhi</subfield>
    <subfield code="g">325.00</subfield>
    <subfield code="k">SI-4619</subfield>
    <subfield code="l">0</subfield>
    <subfield code="o">006.32 RAN</subfield>
    <subfield code="p">14785</subfield>
    <subfield code="r">2019-12-04 00:00:00</subfield>
    <subfield code="w">2010-02-10</subfield>
    <subfield code="y">BK</subfield>
  </datafield>
  <datafield tag="952" ind1=" " ind2=" ">
    <subfield code="0">0</subfield>
    <subfield code="1">0</subfield>
    <subfield code="2">ddc</subfield>
    <subfield code="4">0</subfield>
    <subfield code="7">0</subfield>
    <subfield code="8">BTECHCSE</subfield>
    <subfield code="a">PIET</subfield>
    <subfield code="b">PIET</subfield>
    <subfield code="d">2010-02-17</subfield>
    <subfield code="e">J B C, New Delhi</subfield>
    <subfield code="g">325.00</subfield>
    <subfield code="k">SI-4619</subfield>
    <subfield code="l">1</subfield>
    <subfield code="o">006.32 RAN</subfield>
    <subfield code="p">14786</subfield>
    <subfield code="r">2022-06-27 00:00:00</subfield>
    <subfield code="s">2022-05-23</subfield>
    <subfield code="w">2010-02-10</subfield>
    <subfield code="y">BK</subfield>
  </datafield>
  <datafield tag="952" ind1=" " ind2=" ">
    <subfield code="0">0</subfield>
    <subfield code="1">0</subfield>
    <subfield code="2">ddc</subfield>
    <subfield code="4">0</subfield>
    <subfield code="7">0</subfield>
    <subfield code="8">BTECHCSE</subfield>
    <subfield code="a">PIET</subfield>
    <subfield code="b">PIET</subfield>
    <subfield code="d">2010-02-17</subfield>
    <subfield code="e">J B C, New Delhi</subfield>
    <subfield code="g">325.00</subfield>
    <subfield code="k">SI-4619</subfield>
    <subfield code="l">6</subfield>
    <subfield code="o">006.32 RAN</subfield>
    <subfield code="p">14787</subfield>
    <subfield code="r">2024-05-03 00:00:00</subfield>
    <subfield code="s">2024-04-15</subfield>
    <subfield code="w">2010-02-10</subfield>
    <subfield code="y">BK</subfield>
  </datafield>
  <datafield tag="952" ind1=" " ind2=" ">
    <subfield code="0">0</subfield>
    <subfield code="1">0</subfield>
    <subfield code="2">ddc</subfield>
    <subfield code="4">0</subfield>
    <subfield code="7">0</subfield>
    <subfield code="8">BTECHCSE</subfield>
    <subfield code="a">PIET</subfield>
    <subfield code="b">PIET</subfield>
    <subfield code="d">2010-02-17</subfield>
    <subfield code="e">J B C, New Delhi</subfield>
    <subfield code="g">325.00</subfield>
    <subfield code="k">SI-4619</subfield>
    <subfield code="l">2</subfield>
    <subfield code="o">006.32 RAN</subfield>
    <subfield code="p">14788</subfield>
    <subfield code="r">2022-06-29 00:00:00</subfield>
    <subfield code="s">2022-06-06</subfield>
    <subfield code="w">2010-02-10</subfield>
    <subfield code="y">BK</subfield>
  </datafield>
  <datafield tag="952" ind1=" " ind2=" ">
    <subfield code="0">0</subfield>
    <subfield code="1">0</subfield>
    <subfield code="2">ddc</subfield>
    <subfield code="4">0</subfield>
    <subfield code="7">0</subfield>
    <subfield code="8">BTECHCSE</subfield>
    <subfield code="a">PIET</subfield>
    <subfield code="b">PIET</subfield>
    <subfield code="d">2010-02-17</subfield>
    <subfield code="e">J B C, New Delhi</subfield>
    <subfield code="g">325.00</subfield>
    <subfield code="k">SI-4619</subfield>
    <subfield code="l">1</subfield>
    <subfield code="o">006.32 RAN</subfield>
    <subfield code="p">14789</subfield>
    <subfield code="q">2020-11-10</subfield>
    <subfield code="r">2020-10-27 00:00:00</subfield>
    <subfield code="s">2020-10-27</subfield>
    <subfield code="w">2010-02-10</subfield>
    <subfield code="y">BK</subfield>
  </datafield>
  <datafield tag="952" ind1=" " ind2=" ">
    <subfield code="0">0</subfield>
    <subfield code="1">0</subfield>
    <subfield code="2">ddc</subfield>
    <subfield code="4">0</subfield>
    <subfield code="7">0</subfield>
    <subfield code="8">BTECHCSE</subfield>
    <subfield code="a">PIET</subfield>
    <subfield code="b">PIET</subfield>
    <subfield code="d">2010-02-17</subfield>
    <subfield code="e">J B C, New Delhi</subfield>
    <subfield code="g">325.00</subfield>
    <subfield code="k">SI-4619</subfield>
    <subfield code="l">3</subfield>
    <subfield code="o">006.32 RAN</subfield>
    <subfield code="p">14790</subfield>
    <subfield code="r">2026-02-19 00:00:00</subfield>
    <subfield code="s">2026-01-21</subfield>
    <subfield code="w">2010-02-10</subfield>
    <subfield code="y">BK</subfield>
  </datafield>
  <datafield tag="952" ind1=" " ind2=" ">
    <subfield code="0">0</subfield>
    <subfield code="1">0</subfield>
    <subfield code="2">ddc</subfield>
    <subfield code="4">0</subfield>
    <subfield code="7">0</subfield>
    <subfield code="8">BTECHCSE</subfield>
    <subfield code="a">PIET</subfield>
    <subfield code="b">PIET</subfield>
    <subfield code="d">2010-02-17</subfield>
    <subfield code="e">J B C, New Delhi</subfield>
    <subfield code="g">325.00</subfield>
    <subfield code="k">SI-4619</subfield>
    <subfield code="l">2</subfield>
    <subfield code="o">006.32 RAN</subfield>
    <subfield code="p">14791</subfield>
    <subfield code="r">2023-03-15 00:00:00</subfield>
    <subfield code="s">2023-03-15</subfield>
    <subfield code="w">2010-02-10</subfield>
    <subfield code="y">BK</subfield>
  </datafield>
  <datafield tag="952" ind1=" " ind2=" ">
    <subfield code="0">0</subfield>
    <subfield code="1">0</subfield>
    <subfield code="2">ddc</subfield>
    <subfield code="4">0</subfield>
    <subfield code="7">0</subfield>
    <subfield code="8">BTECHCSE</subfield>
    <subfield code="a">PIET</subfield>
    <subfield code="b">PIET</subfield>
    <subfield code="d">2010-02-17</subfield>
    <subfield code="e">J B C, New Delhi</subfield>
    <subfield code="g">325.00</subfield>
    <subfield code="k">SI-4619</subfield>
    <subfield code="l">1</subfield>
    <subfield code="o">006.32 RAN</subfield>
    <subfield code="p">14792</subfield>
    <subfield code="r">2025-03-13 00:00:00</subfield>
    <subfield code="s">2022-01-21</subfield>
    <subfield code="w">2010-02-10</subfield>
    <subfield code="y">BK</subfield>
    <subfield code="z">.</subfield>
  </datafield>
  <datafield tag="952" ind1=" " ind2=" ">
    <subfield code="0">0</subfield>
    <subfield code="1">0</subfield>
    <subfield code="2">ddc</subfield>
    <subfield code="4">0</subfield>
    <subfield code="7">0</subfield>
    <subfield code="8">BTECHCSE</subfield>
    <subfield code="a">PIET</subfield>
    <subfield code="b">PIET</subfield>
    <subfield code="d">2010-02-17</subfield>
    <subfield code="e">J B C, New Delhi</subfield>
    <subfield code="g">325.00</subfield>
    <subfield code="k">SI-4619</subfield>
    <subfield code="l">2</subfield>
    <subfield code="o">006.32 RAN</subfield>
    <subfield code="p">14793</subfield>
    <subfield code="r">2024-08-28 00:00:00</subfield>
    <subfield code="s">2024-04-18</subfield>
    <subfield code="w">2010-02-10</subfield>
    <subfield code="y">BK</subfield>
  </datafield>
  <datafield tag="952" ind1=" " ind2=" ">
    <subfield code="0">0</subfield>
    <subfield code="1">0</subfield>
    <subfield code="2">ddc</subfield>
    <subfield code="4">0</subfield>
    <subfield code="7">0</subfield>
    <subfield code="8">BTECHCSE</subfield>
    <subfield code="a">PIET</subfield>
    <subfield code="b">PIET</subfield>
    <subfield code="d">2010-02-17</subfield>
    <subfield code="e">J B C, New Delhi</subfield>
    <subfield code="g">325.00</subfield>
    <subfield code="k">SI-4619</subfield>
    <subfield code="l">1</subfield>
    <subfield code="o">006.32 RAN</subfield>
    <subfield code="p">14794</subfield>
    <subfield code="r">2022-04-28 00:00:00</subfield>
    <subfield code="s">2022-04-19</subfield>
    <subfield code="w">2010-02-10</subfield>
    <subfield code="y">BK</subfield>
  </datafield>
</record>
